Normal view
MARC view
- Crum, jim morris, cathy conway, ken
Entry Personal Name
001 - CONTROL NUMBER
- control field: 80737
003 - CONTROL NUMBER IDENTIFIER
- control field: NUST
005 - DATE AND TIME OF LATEST TRANSACTION
- control field: 20210628210729.0
008 - FIXED-LENGTH DATA ELEMENTS
- fixed length control field: 210628|| aca||aabn | a|a d
040 ## - CATALOGING SOURCE
- Original cataloging agency: NUST
- Transcribing agency: NUST
100 ## - HEADING--PERSONAL NAME
- Personal name: Crum, jim morris, cathy conway, ken
670 ## - SOURCE DATA FOUND
- Source citation: Work cat.: (NUST): Crum, jim morris, cathy conway, ken, Using oracle applications financial,distribution,manufacturing and hrms, 2000
